The Jeffersons Theme Song Quiz - Statistics

General Stats
  • This quiz has been taken 47 times
  • The average score is 9 of 14
Answer Stats
Lyric % Correct
Well, we're movin {on} {up},
100%
we finally got a piece of the {pie}
93%
To a {deluxe} {apartment} in the sky
89%
To the {east} {side}
89%
Just to get up that {hill}
82%
{Beans} {don't} {burn} on the grill
70%
Now we're up in the {big} {leagues}
68%
{to} {the} east side
59%
{fish} {don't} {fry} in the kitchen
50%
There ain't nothin {wrong} {with} {that}
50%
{Movin} {on} {up}
45%
Gettin' our {turn} {at} {bat}
41%
As long as we {live}, it's {you} and {me} {baby}
39%
Took a {whole} {lotta} {tryin}
39%
No matching quizzes found
Score Distribution
Percent of People with Each Score
Percentile by Number Answered
Your Score History
You have not taken this quiz